000 00713nam a2200289Ia 4500
005 20260324144541.0
008 008 260324s9999 xx 000 0 eng d
020 _a9781003422716
037 _aEBOOK
040 _aCRL
040 _beng
040 _cCRL
041 _2eng
041 _aeng
084 _qCRL
100 _aMatilda White Riley; Joseph D. Matarazzo; Andrew Baum
_91219739
245 4 _aThe Aging Dimension
245 0 _bPerspectives in Behavioral Medicine
260 _bTaylor and Francis
260 _c1987
365 _a
365 _b145
856 _uhttp://www.taylorfrancis.com/books/9781003422716
942 _cEBOOK
999 _c1826487
_d1826487